| 000 | 01446nam a22002777a 4500 | ||
|---|---|---|---|
| 005 | 20080905121451.0 | ||
| 008 | 110608t xxu||||| |||| 00| 0 hin d | ||
| 010 | _aHIN-92911 | ||
| 020 |
_c300.00 _a8188693448 |
||
| 035 | _aHN-65257 | ||
| 037 | _bDBAD / PUB | ||
| 040 |
_aDPL _bHN |
||
| 082 | _aक | ||
| 100 | _928442 | ||
| 245 |
_aतेलुगु की मानक लघुकथाएँ / _cपारनन्दि निर्मला द्वारा मूल तेलुगु से अनुवाद एवं बलराम अग्रवाल द्वारा चयनित एवं संपादित |
||
| 246 |
_aTelugu ki Maanak Laghukathayen _bTran by Parnndee Nirmala& Com by Balram Agarwarl |
||
| 260 |
_aदिल्ली _bमित्तल एंड संस _c2010 |
||
| 270 |
_aसी-32, आर्यानगर सोसायटी _bदिल्ली _e110092 |
||
| 300 |
_a136पृ _c22सेमी (सजिल्द) |
||
| 650 |
_928443 _aलघु कथाएँ, हिन्दी |
||
| 650 |
_928455 _aShort Stories, Hindi |
||
| 700 |
_928521 _aपारनन्दि निर्मला |
||
| 700 |
_928536 _aअग्रवाल, बलराम |
||
| 942 |
_adpl _cHN _2ddc _mतेलुगु _hक |
||
| 999 |
_c52874 _d52874 |
||